| 000 | 00581nam a2200217Ia 4500 | ||
|---|---|---|---|
| 005 | 20250425162748.0 | ||
| 008 | 250425s9999 xx 000 0 und d | ||
| 020 | _a0895203227 | ||
| 041 | _aeng | ||
| 082 | _a665.502 | ||
| 110 | _aSOCIETY OF PETROLEUM ENGINEER OF AIME | ||
| 245 | 0 | _aTRANSACTIONS OF THE SOCIETY OF PETROLEUM ENGINEERS (VOLUME 275) | |
| 250 | _aS.E. | ||
| 260 | _aDALLAS | ||
| 260 |
_aEstados Unidos _bSOCIETY OF PETROLEUM ENGINEERS _c1983 |
||
| 300 | _a994 | ||
| 650 | _aINGENIERIA PETROLERA | ||
| 650 | _aPETROLEO | ||
| 942 | _c01 | ||
| 010 | _a106421 | ||
| 999 |
_c235916 _d235916 |
||